[Event "Niedersachsen-ch Seniors op 14th"]
[Site "Bad Bevensen"]
[Date "2011.07.12"]
[Round "8"]
[White "Schumacher, Horst"]
[Black "Schmalbach, Heribert"]
[Result "0-1"]
[WhiteElo "1660"]
[BlackElo "1469"]
[PlyCount "80"]
[EventDate "2011.07.05"]
[EventType "swiss"]
[EventRounds "9"]
[EventCountry "GER"]
[SourceTitle "EXT 2012"]
[Source "ChessBase"]
[SourceDate "2011.11.24"]
[SourceVersion "1"]
[SourceVersionDate "2011.11.24"]
[SourceQuality "1"]

1. e4 e5 2. Nf3 Nc6 3. d3 Bc5 4. Be3 d6 5. Bxc5 dxc5 6. c3 Nge7 7. Na3 Ng6 8. g3 b6 9. Nc4 Bd7 10. a3 a5 11. d4 cxd4 12. cxd4 exd4 13. Nxd4 0-0 14. Bg2 Rb8 15. 0-0 Nxd4 16. Qxd4 Be6 17. Qc3 Qe7 18. Rfe1 Qc5 19. Rac1 Bxc4 20. Qxc4 Qxc4 21. Rxc4 c5 22. e5 Rfd8 23. Rce4 Ne7 24. R4e2 Rd4 25. h4 Rbd8 26. Be4 g6 27. g4 Kg7 28. f4 Rd2 29. f5 Kf8 30. f6 Nc8 31. g5 Na7 32. h5 Nb5 33. hxg6 hxg6 34. e6 fxe6 35. Bxg6 Rxe2 36. Rxe2 Nd4 37. Rf2 Rd5 38. Rg2 Rxg5 39. Be4 Rxg2+ 40. Kxg2 Kf7 0-1

[Event "Niedersachsen-ch Seniors op 14th"]
[Site "Bad Bevensen"]
[Date "2011.07.10"]
[Round "6"]
[White "Hampe, Werner"]
[Black "Schmalbach, Heribert"]
[Result "1/2-1/2"]
[WhiteElo "1510"]
[BlackElo "1469"]
[PlyCount "64"]
[EventDate "2011.07.05"]
[EventType "swiss"]
[EventRounds "9"]
[EventCountry "GER"]
[SourceTitle "EXT 2012"]
[Source "ChessBase"]
[SourceDate "2011.11.24"]
[SourceVersion "1"]
[SourceVersionDate "2011.11.24"]
[SourceQuality "1"]

1. c4 c6 2. g3 Nf6 3. Bg2 e6 4. Nf3 d5 5. 0-0 Bd6 6. b3 e5 7. d3 Qb6 8. Bb2 Nbd7 9. h3 h6 10. Nbd2 Qd8 11. e4 d4 12. a3 a5 13. Rb1 b6 14. Bc1 Nf8 15. Nh2 g5 16. g4 Ng6 17. Ndf3 b5 18. Qc2 b4 19. a4 Rg8 20. Kh1 Qc7 21. Ng1 Ke7 22. Nhf3 Qb6 23. Ne2 Nh4 24. Ng3 Rg7 25. Rb2 Rg8 26. Qd1 Ng6 27. Nf5+ Bxf5 28. exf5 Nf4 29. Bxf4 exf4 30. Re2+ Kd8 31. Rfe1 Re8 32. Rxe8+ Nxe8 1/2-1/2

[Event "Niedersachsen-ch Seniors op 14th"]
[Site "Bad Bevensen"]
[Date "2011.07.08"]
[Round "4"]
[White "Steinhoff, Juergen"]
[Black "Schmalbach, Heribert"]
[Result "1-0"]
[WhiteElo "1595"]
[BlackElo "1469"]
[PlyCount "101"]
[EventDate "2011.07.05"]
[EventType "swiss"]
[EventRounds "9"]
[EventCountry "GER"]
[SourceTitle "EXT 2012"]
[Source "ChessBase"]
[SourceDate "2011.11.24"]
[SourceVersion "1"]
[SourceVersionDate "2011.11.24"]
[SourceQuality "1"]

1. e4 e5 2. Nf3 Nc6 3. d4 d6 4. Bc4 Be7 5. d5 Nb8 6. Nc3 Nf6 7. Bd2 a6 8. Qe2 Nbd7 9. h3 b5 10. Bd3 h6 11. 0-0-0 Nb6 12. Rhg1 g5 13. h4 g4 14. Nh2 h5 15. f4 Bd7 16. Nf1 Qc8 17. Ng3 c6 18. fxe5 dxe5 19. Nf5 Bf8 20. Bg5 Ng8 21. Rgf1 f6 22. Bd2 c5 23. Qf2 Bxf5 24. Qxf5 Qxf5 25. Rxf5 Nd7 26. Rff1 c4 27. Be2 Bh6 28. Bxh6 Rxh6 29. d6 Nb6 30. Nd5 Nxd5 31. Rxd5 Rc8 32. a4 bxa4 33. Ra5 Rc6 34. Rxa4 Rxd6 35. Bxc4 Ne7 36. Rf2 Nc6 37. Rxa6 Kd7 38. Bd5 Nb4 39. Rxd6+ Kxd6 40. Rd2 Kc5 41. c3 Na6 42. b4+ Kb6 43. Kb2 Nc7 44. c4 Rh8 45. Bf7 Rh6 46. Rd7 Kb7 47. b5 Kc8 48. b6 Na6 49. Be6 Kb8 50. Bd5 Kc8 51. b7+ 1-0

[Event "Niedersachsen-ch Seniors op 13th"]
[Site "Bad Bevensen"]
[Date "2010.07.10"]
[Round "5"]
[White "Schumacher, Horst"]
[Black "Schmalbach, Heribert"]
[Result "0-1"]
[WhiteElo "1627"]
[BlackElo "1532"]
[PlyCount "112"]
[EventDate "2010.07.06"]
[EventType "swiss"]
[EventRounds "9"]
[EventCountry "GER"]
[SourceTitle "EXT 2012"]
[Source "ChessBase"]
[SourceDate "2011.11.24"]
[SourceVersion "1"]
[SourceVersionDate "2011.11.24"]
[SourceQuality "1"]

1. e4 d5 2. d4 c6 3. exd5 Qxd5 4. Nc3 Qd8 5. Nf3 Bf5 6. Bd3 Bg6 7. 0-0 e6 8. Re1 Be7 9. Be3 Nd7 10. Qd2 Ngf6 11. h3 0-0 12. Rad1 Bb4 13. Bxg6 hxg6 14. Qd3 Qa5 15. a3 Bxc3 16. Qxc3 Qxc3 17. bxc3 b5 18. Bd2 a6 19. Ne5 Nxe5 20. Rxe5 Nd7 21. Ree1 Nb6 22. Bc1 Rfd8 23. Bf4 Nc4 24. Ra1 Rd5 25. Reb1 f6 26. a4 g5 27. Be3 Rb8 28. axb5 Rdxb5 29. Rxb5 axb5 30. Ra6 Rb6 31. Rxb6 Nxb6 32. Kf1 Nc4 33. Bc1 Kf7 34. Ke2 Nd6 35. Kd3 Kg6 36. Ba3 Nc4 37. Bc1 f5 38. f4 g4 39. hxg4 fxg4 40. Ke4 Kf6 41. g3 Nd6+ 42. Ke3 Kf5 43. Bd2 Ne4 44. Be1 g6 45. Ke2 Nd6 46. Kd3 g5 47. fxg5 Kxg5 48. Bd2+ Kf5 49. Be1 Nc4 50. Bf2 Nb2+ 51. Kd2 Ke4 52. Ke2 Nc4 53. Be1 Na3 54. Kd2 Kf3 55. Kd3 Nc4 56. d5 exd5 0-1

[Event "Niedersachsen-ch Seniors op 13th"]
[Site "Bad Bevensen"]
[Date "2010.07.09"]
[Round "4"]
[White "Schmalbach, Heribert"]
[Black "Becker, Guenter"]
[Result "1/2-1/2"]
[WhiteElo "1532"]
[BlackElo "1682"]
[PlyCount "103"]
[EventDate "2010.07.06"]
[EventType "swiss"]
[EventRounds "9"]
[EventCountry "GER"]
[SourceTitle "EXT 2012"]
[Source "ChessBase"]
[SourceDate "2011.11.24"]
[SourceVersion "1"]
[SourceVersionDate "2011.11.24"]
[SourceQuality "1"]

1. d4 c6 2. c3 d5 3. Bf4 g6 4. Nf3 Bg7 5. e3 Bg4 6. Bd3 Nd7 7. h3 Bxf3 8. Qxf3 f6 9. Qd1 e5 10. Bg3 Ne7 11. Nd2 0-0 12. f4 exd4 13. exd4 Nb6 14. 0-0 Qd7 15. a4 Nf5 16. Bxf5 Qxf5 17. Qb1 Qxb1 18. Rfxb1 Rae8 19. Kf2 f5 20. a5 Nc8 21. Re1 Nd6 22. Bh2 Ne4+ 23. Nxe4 fxe4 24. Ke3 Rf7 25. Re2 Ref8 26. g4 Rc8 27. b4 b6 28. axb6 axb6 29. Ra6 Rb7 30. Rea2 c5 31. Ra8 Rxa8 32. Rxa8+ Kf7 33. Ra3 Ke6 34. bxc5 bxc5 35. Bg3 cxd4+ 36. cxd4 Rb4 37. Ra6+ Kf7 38. Ra7+ Kg8 39. Ra8+ Bf8 40. f5 Rb3+ 41. Kf2 Rf3+ 42. Kg2 gxf5 43. Bd6 fxg4 44. hxg4 Kg7 45. Be5+ Kg6 46. Rd8 Rf7 47. Rxd5 e3 48. Bg3 Bg7 49. Bh4 e2 50. Rg5+ Kh6 51. Rh5+ Kg6 52. Rg5+ 1/2-1/2

[Event "Niedersachsen-ch Seniors op 13th"]
[Site "Bad Bevensen"]
[Date "2010.07.06"]
[Round "1"]
[White "Juergens, Peter1111"]
[Black "Schmalbach, Heribert"]
[Result "1-0"]
[WhiteElo "1837"]
[BlackElo "1532"]
[PlyCount "77"]
[EventDate "2010.07.06"]
[EventType "swiss"]
[EventRounds "9"]
[EventCountry "GER"]
[SourceTitle "EXT 2012"]
[Source "ChessBase"]
[SourceDate "2011.11.24"]
[SourceVersion "1"]
[SourceVersionDate "2011.11.24"]
[SourceQuality "1"]

1. d4 d5 2. Bf4 c6 3. e3 Bf5 4. Nf3 e6 5. Be2 Nf6 6. 0-0 Bd6 7. Ne5 Qc7 8. Nd2 Nbd7 9. Ndf3 h6 10. c4 Qb8 11. b4 g5 12. Nxd7 Nxd7 13. Bxd6 Qxd6 14. c5 Qc7 15. Bd3 Bg4 16. Be2 Bf5 17. a4 a6 18. Qd2 Rg8 19. b5 Ke7 20. bxa6 bxa6 21. Bd3 Bg4 22. Ne1 a5 23. f3 Bh5 24. e4 Bg6 25. exd5 cxd5 26. Bb5 Nf6 27. Nd3 Bxd3 28. Bxd3 Nh5 29. Rab1 Rgb8 30. g3 Ng7 31. Qc3 f6 32. Rfe1 Kf7 33. Rxb8 Rxb8 34. Rb1 Rxb1+ 35. Bxb1 Qb7 36. Bc2 Qc8 37. Bd3 f5 38. Bb5 Kf6 39. Qxa5 1-0

[Event "Niedersachsen-ch Seniors op 10th"]
[Site "Bad Bevensen"]
[Date "2007.07.08"]
[Round "6"]
[White "Schmalbach, Heribert"]
[Black "Mewes, Hans Dieter"]
[Result "1/2-1/2"]
[WhiteElo "1548"]
[BlackElo "1743"]
[PlyCount "76"]
[EventDate "2007.07.03"]
[EventType "swiss"]
[EventRounds "9"]
[EventCountry "GER"]
[SourceTitle "EXT 2022"]
[Source "ChessBase"]
[SourceDate "2021.10.06"]
[SourceVersion "1"]
[SourceVersionDate "2021.10.06"]
[SourceQuality "1"]

1. d4 Nf6 2. Bf4 g6 3. Nf3 Bg7 4. c3 b6 5. e3 Bb7 6. Bd3 d6 7. 0-0 0-0 8. Re1 Be4 9. Ng5 Bxd3 10. Qxd3 Nh5 11. Qe4 Nd7 12. Nd2 h6 13. Ngf3 e6 14. Qc2 Nxf4 15. exf4 Nf6 16. g3 Qd7 17. Kg2 c5 18. Ne4 Qc6 19. Nxf6+ Bxf6 20. Qe4 Rac8 21. Qxc6 Rxc6 22. dxc5 Rxc5 23. Rad1 d5 24. Rd3 Rfc8 25. Ne5 Bxe5 26. fxe5 Rc4 27. f3 b5 28. a3 a5 29. Red1 Kg7 30. Rd4 f5 31. Rxc4 bxc4 32. Rd2 g5 33. h3 h5 34. Kf2 a4 35. Ke3 Kf7 36. f4 Rc7 37. Rg2 Rc8 38. Kf3 Rg8 1/2-1/2